|
|
|
|
| LEADER |
01156nam a2200253 u 4500 |
| 001 |
10112385 |
| 003 |
upatras |
| 005 |
20210324112753.0 |
| 008 |
140331s1950 us eng |
| 040 |
|
|
|a GR-PaULI
|c GR-PaULI
|
| 041 |
0 |
|
|a eng
|
| 082 |
0 |
4 |
|a 364.36
|
| 100 |
1 |
|
|a Healy, William
|d 1869-
|4 aut
|9 137523
|
| 245 |
1 |
0 |
|a New light on delinquency and its treatment
|b results of a research conducted for the Institute of Human Relations, Yale University
|c by William Healy and Augusta F. Bronner
|
| 260 |
|
|
|a New Haven
|b Institute of Human Relations by Yale University Press
|c 1950, c1936
|
| 300 |
|
|
|a vii, 226 p.
|c 24 cm.
|
| 504 |
|
|
|a Includes bibliographical references and index
|
| 650 |
|
4 |
|a Εγκληματικότητα ανηλίκων
|9 12569
|
| 700 |
1 |
|
|a Bronner, Augusta F.
|d 1881-
|q ((Augusta Fox))
|4 aut
|9 137524
|
| 852 |
|
|
|a GR-PaULI
|b ΠΑΤΡΑ
|b ΠΤΔΕ
|b ΓΕΡ
|k ΑΣΧΞ
|h 364.36 HEA
|m 10190
|p 025000141002
|t 1
|
| 942 |
|
|
|2 ddc
|c BK15
|
| 952 |
|
|
|0 0
|1 0
|4 0
|6 364_360000000000000_HEA
|7 0
|9 164719
|a PTDE
|b PTDE
|d 2016-04-24
|i 10190
|l 0
|o 364.36 HEA
|p 025000141002
|r 2016-04-24 00:00:00
|t 1
|w 2016-04-24
|y BK15
|
| 998 |
|
|
|c ΤΣΕΝΕ
|d 2014-03
|
| 999 |
|
|
|c 103275
|d 103275
|